header

Chinese democracy after Tiananmen (Record no. 172988)

MARC details
000 -LEADER
fixed length control field 01398nam a2200373Ia 4500
082 04 - DEWEY DECIMAL CLASSIFICATION NUMBER
Classification number 320.951
100 1# - MAIN ENTRY--AUTHOR NAME
Personal name Ding, Yijiang.
245 10 - TITLE STATEMENT
Title Chinese democracy after Tiananmen
260 ## - PUBLICATION, DISTRIBUTION, ETC. (IMPRINT)
Place of publication Vancouver, B.C. :
Name of publisher UBC,
Year of publication 2001.
300 ## - PHYSICAL DESCRIPTION
Number of Pages x, 173 p. :
Other physical details ill.
490 1# - SERIES STATEMENT
Series statement Contemporary Chinese studies
650 #0 - SUBJECT ADDED ENTRY--TOPICAL TERM
Topical Term Democracy
Topical Term Social change
856 40 - ELECTRONIC LOCATION AND ACCESS
Uniform Resource Identifier http://site.ebrary.com/lib/rucke/Doc?id=10056052

No items available.

© 2026 Rongo University
Contact us: librarian | system librarian | Rongo university